01264nam a2200193 a 450000100100000000500170001000800410002704000250006808200150009324500870010826000600019530000260025550501630028170000320044495201810047695201980065795201980085599900170105300003543720200930074337.0111031s19571964fr a 000 f spa d aDO-SdBNPbspacBNPHU axxxxbH67303aHistoire générale des sciences /cpubliée sous la direction de René Taton. aParis, :bPresses universitaires de France,c1957-1964. a3 v. :bil. ;c23 cm.0 aContenido : v. 1 La science antique et mediévale : (Des origenes á 1450). -- v. 2 La science moderne : (De 1450 á 1800). --v. 3 La science contemporaine1 aTaton, Renéd1915-961271 001050718MOaGRbGRcCTd2011-10-31iLF1l0ov. 1p35437-10r2020-06-25w2020-06-25y1zPerteneció a la biblioteca personal de Juan Isidro Jimenes Grullón.ZNo se presta 001050718MOaGRbGRcCTd2011-11-02iLF1l0oxxxx H673p35437-20r2020-06-25te. 2, v. 2w2020-06-25y1zPerteneció a la biblioteca personal de Juan Isidro Jimenes Grullón.ZNo se presta 001050718MOaGRbGRcCTd2011-11-02iLF1l0oxxxx H673p35437-30r2020-06-25te. 3, v. 3w2020-06-25y1zPerteneció a la biblioteca personal de Juan Isidro Jimenes Grullón.ZNo se presta c34928d34928